000 00347nam a2200133Ia 4500
008 240624s9999 xx 000 0 und d
041 _aeng
082 _a658.84 DEA
100 _aDEARLOVE DES
245 _aARCHITECTS OF THE BUSINESS REVOLUTION TH
260 _c2001
_aOxford
_bCapstone
300 _axxiii, : 232 : p. : cm. ; 23
365 _cBPS
_b35
999 _c8169
_d8169